[Event "SRB-chT 2nd League West"]
[Site "Kragujevac"]
[Date "2019.09.07"]
[Round "2.6"]
[White "Jovanovic, Obrad"]
[Black "Cvijovic, Marko"]
[Result "1/2-1/2"]
[WhiteElo "2062"]
[BlackElo "1731"]
[PlyCount "99"]
[EventDate "2019.09.06"]
[EventType "team-tourn"]
[EventRounds "11"]
[EventCountry "SRB"]
[SourceTitle "EXT 2020"]
[Source "ChessBase"]
[SourceDate "2019.10.17"]
[SourceVersion "1"]
[SourceVersionDate "2019.10.17"]
[SourceQuality "1"]
[WhiteTeam "Aleksandrovac"]
[BlackTeam "Uzice Sloboda"]
[WhiteTeamCountry "SRB"]
[BlackTeamCountry "SRB"]

1. e4 b6 2. d4 Bb7 3. Bd3 e6 4. Nf3 c5 5. c3 Nf6 6. Qe2 d5 7. e5 Ne4 8. 0-0 Be7 9. Rd1 Qc8 10. Re1 cxd4 11. cxd4 Ba6 12. Nbd2 Nxd2 13. Bxd2 Bxd3 14. Qxd3 Qa6 15. Qb3 Nc6 16. Rac1 Rc8 17. Re3 0-0 18. Rec3 Na5 19. Qa4 b5 20. Qc2 Rxc3 21. Qxc3 Nc4 22. b3 Nxd2 23. Qxd2 Rc8 24. Rc2 h6 25. Qc1 Rxc2 26. Qxc2 Qa3 27. g4 a5 28. h4 a4 29. g5 axb3 30. axb3 hxg5 31. hxg5 g6 32. Kg2 Qb4 33. Qd3 Kg7 34. Qe3 Bd8 35. Nh2 Bb6 36. Nf3 Bd8 37. Kg3 Ba5 38. Qd3 Bd8 39. Kg4 Bb6 40. Qe3 Bd8 41. Ng1 Bb6 42. Ne2 Ba5 43. Qd3 Bb6 44. Kg3 Kf8 45. Qe3 Kg7 46. f4 Kg8 47. Kf2 Kg7 48. Kg2 Ba5 49. Kf3 Qe1 50. Kg2 1/2-1/2

[Event "Petrovac op"]
[Site "Petrovac"]
[Date "2015.05.11"]
[Round "5"]
[White "Radonjic, Milan"]
[Black "Jovanovic, Obrad"]
[Result "0-1"]
[WhiteElo "1928"]
[BlackElo "2119"]
[PlyCount "84"]
[EventDate "2015.05.08"]
[EventType "swiss"]
[EventRounds "9"]
[EventCountry "MNE"]
[SourceTitle "CBM 166 Extra"]
[Source "ChessBase"]
[SourceDate "2015.06.18"]
[SourceVersion "1"]
[SourceVersionDate "2015.06.18"]
[SourceQuality "1"]

1. d4 Nf6 2. c4 c5 3. d5 g6 4. Nc3 Bg7 5. e4 d6 6. f3 0-0 7. Be3 e6 8. Nge2 a6 9. a4 exd5 10. cxd5 Nbd7 11. Nc1 Ne5 12. Be2 Re8 13. 0-0 Rb8 14. h3 Ned7 15. Qd2 Nh5 16. Bg5 f6 17. Bh4 g5 18. Bf2 Nf4 19. Bg3 Nxe2+ 20. Qxe2 Nf8 21. f4 gxf4 22. Bxf4 Ng6 23. Qh5 Nxf4 24. Rxf4 Re5 25. Qf3 Qe8 26. Nd3 Rg5 27. h4 Rg6 28. h5 Rg5 29. Rxf6 Bg4 30. Qf4 Bxf6 31. Qxf6 Qd8 32. Qf4 Qe7 33. e5 dxe5 34. d6 Qg7 35. Qe4 Bxh5 36. Nd5 Rf8 37. Rf1 Rxf1+ 38. Kxf1 Qf8+ 39. Kg1 Qxd6 40. Ne3 Qd4 41. Qxd4 cxd4 42. Nd5 Bf3 0-1

[Event "Petrovac op"]
[Site "Petrovac"]
[Date "2015.05.09"]
[Round "3"]
[White "Nikolovski, Nikola"]
[Black "Jovanovic, Obrad"]
[Result "1-0"]
[WhiteElo "2356"]
[BlackElo "2119"]
[PlyCount "93"]
[EventDate "2015.05.08"]
[EventType "swiss"]
[EventRounds "9"]
[EventCountry "MNE"]
[SourceTitle "CBM 166 Extra"]
[Source "ChessBase"]
[SourceDate "2015.06.18"]
[SourceVersion "1"]
[SourceVersionDate "2015.06.18"]
[SourceQuality "1"]

1. e4 c5 2. Nc3 Nc6 3. f4 e6 4. Nf3 g6 5. Bb5 Nge7 6. e5 Bg7 7. Ne4 0-0 8. Bxc6 Nxc6 9. Nxc5 d6 10. Nd3 b6 11. exd6 Qxd6 12. Nf2 Qxf4 13. 0-0 Bb7 14. d4 Qc7 15. Ng4 h5 16. Nh6+ Kh8 17. g4 hxg4 18. Nxg4 Ne7 19. c3 Nf5 20. Qe2 Kg8 21. Bg5 Bd5 22. Qd2 f6 23. Bf4 Qb7 24. Qf2 g5 25. Bd2 Qf7 26. Ne3 Nxe3 27. Bxe3 Qg6 28. Qg3 Rae8 29. Rae1 a6 30. b3 b5 31. Bd2 Qd3 32. Re3 Qc2 33. Re2 Qxa2 34. Rg2 Qxb3 35. h4 Bxf3 36. Rxf3 Qd5 37. Rf4 Re7 38. Rg4 Kf7 39. Bxg5 f5 40. Bxe7 fxg4 41. Bxf8 Bxf8 42. Qxg4 Ke8 43. Qf4 Bd6 44. Rg8+ Kd7 45. Qf7+ Kc6 46. Qa7 Qa2 47. Rc8+ 1-0

[Event "SRB-CupT Central Serbia"]
[Site "Serbia"]
[Date "2014.05.03"]
[Round "7.11"]
[White "Jocovic, Slobodan"]
[Black "Jovanovic, Obrad"]
[Result "1-0"]
[WhiteElo "2055"]
[BlackElo "2128"]
[PlyCount "85"]
[EventDate "2014.03.23"]
[EventType "team"]
[EventRounds "8"]
[EventCountry "SRB"]
[SourceTitle "EXT 2015"]
[Source "ChessBase"]
[SourceDate "2014.11.20"]
[SourceVersion "1"]
[SourceVersionDate "2014.11.20"]
[SourceQuality "1"]

1. d4 c5 2. dxc5 e6 3. Nc3 Bxc5 4. Ne4 Qc7 5. Nxc5 Qxc5 6. Nf3 d5 7. c3 b6 8. Qd4 Nf6 9. b4 Qe7 10. Ne5 h6 11. a4 0-0 12. h4 Bb7 13. g4 Nfd7 14. Bg2 Nxe5 15. Qxe5 Nd7 16. Qg3 Rac8 17. Bd2 Rc4 18. f4 Ba8 19. e3 f5 20. g5 h5 21. Bf3 g6 22. 0-0 Rfc8 23. Be2 R4c7 24. Bb5 Bc6 25. Ba6 Bb7 26. Bb5 Bc6 27. Ba6 Re8 28. Bd3 Qd6 29. Qf2 Rec8 30. a5 b5 31. Rad1 a6 32. Bb1 Bb7 33. Ba2 Rxc3 34. Bxc3 Rxc3 35. Qd2 Qc6 36. Qd4 Qc7 37. Rd3 Rc6 38. Bxd5 Rd6 39. Bxe6+ Rxe6 40. Qxd7 Qxd7 41. Rxd7 Bc6 42. Rc7 Bd5 43. Rd1 1-0